000 00582nam a22002057a 4500
003 OSt
005 20240926112113.0
008 240926b |||||||| |||| 00| 0 eng d
020 _a9780190264482
040 _aDDC
_cMUST
082 _a621 VIC 2017
100 _aJohn J. Uicker,JR... (et al)
_919228
245 _aTheory of Machines and Mechanics/
250 _aFifth Edition
260 _aNew York:
_bOxford University Press,
_c2017.
300 _axxvi,950p.:
_bco.ill.,
_c24.9cm.
504 _aIncludes Appendixes and Indexes
650 _aPhysics
_9809
942 _2ddc
_cO_SHELF
999 _c9415
_d9415